Oscuros : (Registro nro. 11785)

Detalles MARC
000 -CABECERA
Longitud fija campo de control 01233nam a2200289 a 4500
003 - • IDENTIFICADOR DELl NÚMERO DE CONTROL
Identificador del número de control CO-ViMGA
005 - • FECHA Y HORA DE LA ÚLTIMA TRANSACCIÓN
Fecha y hora de la última transacción 20230915234537.0
008 - • CÓDIGOS DE INFORMACIÓN DE LONGITUD FIJA
Códigos de información de longitud fija 101123s2010 sck jr 0001fdspa d
020 ## - • NÚMERO INTERNACIONAL NORMALIZADO PARA LIBROS
Número Internacional Normalizado para Libros (ISBN) 9789589976586
040 ## - FUENTE DE LA CATALOGACIÓN
Centro catalogador de origen CO-ViMGA
Lengua de catalogación spa
Centro transcriptor CO-ViMGA
041 1# - • CÓDIGO DE LENGUA
Código de lengua original eng
043 ## - CÓDIGO DE ÁREA GEOGRÁFICA
Código de área geográfica n-us---
082 04 - • NÚMERO DE LA CLASIFICACIÓN DECIMAL DEWEY
Número de clasificación (R) 813.5
Número del ítem K17o4
100 1# - • PUNTO DE ACCESO PRINCIPAL-NOMBRE DE PERSONA
Nombre de persona Kate, Lauren.
245 10 - • TITULO PROPIAMENTE DICHO
Título Oscuros :
Mención de responsabilidad, etc. Lauren Kate ; traducción de Pilar de la Peña Minguell.
Resto del título La eternidad y un día /
300 ## - • DESCRIPCIÓN FÍSICA
Extensión 412 p. ;
Dimensiones 22 cm.
490 1# - • MENCIÓN DE SERIE
Mención de serie Ellas
520 ## - • NOTA DE RESUMEN
Resumen, etc, Helston, Inglaterra, 1854. Es noche cerrada y dos jóvenes conversan en una remota casa de campo. Se sienten irresistiblemente atraídos el uno por el otro, pero él insiste en que no pueden estar juntos. Ella desatiende sus advertencias y se acerca a él, con paso lento y desafiante. Cuando se besan, una furiosa llamarada lo inunda todo ...
534 ## - • Nota De Versión Original
-- Título original :
Título Fallen.
650 14 - • PUNTO DE ACCESO ADICIONAL DE MATERIA - TÉRMINO DE MATERIA
Término de materia o nombre geográfico como elemento inicial Angeles
Subdivisión de forma Novela juvenil.
650 14 - • PUNTO DE ACCESO ADICIONAL DE MATERIA - TÉRMINO DE MATERIA
Término de materia o nombre geográfico como elemento inicial Bien y mal en la literatura juvenil.
650 14 - • PUNTO DE ACCESO ADICIONAL DE MATERIA - TÉRMINO DE MATERIA
Término de materia o nombre geográfico como elemento inicial Novela juvenil estadounidense.
650 14 - • PUNTO DE ACCESO ADICIONAL DE MATERIA - TÉRMINO DE MATERIA
Término de materia o nombre geográfico como elemento inicial Amor
Subdivisión de forma Novela juvenil.
700 1# - • PUNTO DE ACCESO ADICIONAL - NOMBRE DE PERSONA
Nombre de persona Peña Minguell, Pilar,
Término indicativo de función tr.
942 ## - ENTRADA DE ELEMENTOS AGREGADOS (KOHA)
Fuente de clasificaión o esquema Dewey Decimal Classification
Koha [por defecto] tipo de item LIbro
Existencias
Perdido Fuente de clasificación o esquema Estado Físico No para préstamo Forma de adquisición Localización permanente Localización actual Fecha adquisición Préstamos totales Signatura completa Código de barras Fecha última consulta Fecha del precio de reemplazo Tipo de item de Koha Renovaciones totales Fecha último préstamo
  Dewey Decimal Classification     Sala General Biblioteca Comunitaria - Villavicencio Biblioteca Comunitaria - Villavicencio 05/18/2017   813.5 K17o4 032122 05/18/2017 05/18/2017 LIbro    
  Dewey Decimal Classification     Sala General Segundo Piso Biblioteca Pública Germán Arciniegas - Villavicencio Biblioteca Pública Germán Arciniegas - Villavicencio 05/18/2017 4 813.5 K17o4 032123 05/07/2019 05/18/2017 LIbro 1 04/26/2019









Instituto Departamental de Cultura del Meta - Red Departamental de Bibliotecas Públicas del Meta.